| Поле | Инд. | ПП | Название | Значение |
|---|---|---|---|---|
| Тип записи | a | |||
| Библиографический уровень | b | |||
| 001 | Контрольный номер | RU/IS/BASE/102173856 | ||
| 005 | Дата корректировки | 20200629065939.3 | ||
| 008 | Кодируемые данные | 19951116 | ||
| 084 | a | Индекс другой классификации/Индекс ББК | 40.3 | |
| 097 | 00 | a | 750 | |
| 100 | 10 | a | Автор | Урусевская И. С. |
| 100 | 1_ | a | Автор | Фролова Т. Ю. |
| 100 | 1_ | a | Автор | Матинян Н. Н. |
| 100 | 1_ | a | Автор | Сафонова В. М. |
| 245 | 00 | a | Заглавие | Гумусное состояние антропогенных почв садов и рощ острова Валаам |
| 650 | 04 | a | Основная рубрика | почвоведение |
| a | Основная рубрика | сельское хозяйство | ||
| 653 | 00 | a | Ключевые слова | антропогенные почвы |
| a | Ключевые слова | гумус | ||
| a | Ключевые слова | землепользование | ||
| a | Ключевые слова | почвы | ||
| a | Ключевые слова | рощи | ||
| a | Ключевые слова | сады | ||
| 773 | 00 | t | Заглавие источника | Вестник Московского университета. Серия 17, Почвоведение |
| d | Дата издания источника | 1995 | ||
| g | Прочая информация | № 1. - С. 13 - 23 | ||
| w | Контрольный № источника | RU/IS/BASE/102173639 | ||
| 901 | t | Тип документа | b |